000 00309nam a22001217a 4500
008 140514t xxu||||| |||| 00| 0 eng d
020 _a0-471-97340-8
100 _aArie J. Zuckerman
_9842
245 _aPrinciples and Practice of Clinical Virology
250 _aFourth Edition
300 _a776
942 _2ddc
_cBK
999 _c17085
_d17085